Państwa, których walutą jest funt - Statystyki

Ogólne statystyki
  • Ten quiz został rozwiązany 43 razy
  • Średni wynik to 2 z 6
Statystyki odpowiedzi
Państwo % Poprawnych
Wielka Brytania
100%
Egipt
20%
Sudan
20%
Sudan Południowy
20%
Syria
15%
Liban
12%
Nie znaleziono quizów pasujących do podanych kryteriów
Rozkład punktacji
Procent ludzi z każdym wynikiem
Percentyl według liczby udzielonych odpowiedzi
Twoja historia wyników
Nie rozwiązałeś tego quizu